[Event "BCCA/SchemingMind Challenge"]
[Site "SchemingMind.com"]
[Date "2008.10.01"]
[Round "-"]
[White "Squibber"]
[Black "Manfred Kraut"]
[Result "1-0"]
[WhiteCountry "ENG"]
[BlackCountry "GER"]
[WhiteElo "1703"]
[WhiteRD "200"]
[BlackElo "1390"]
[BlackRD "72"]
[GameID "172180"]

1. d4 g6 2. c4 Bg7 3. Nc3 Nf6 4. e4 d6 5. f3 O-O 6. Be3 Nc6 7. Nge2 a6 8. Qd2 Rb8 9. h4 h5 10. O-O-O b5
11. Bh6 bxc4 12. g4 e6 13. Ng3 hxg4 14. h5 Qe7 15. Bg5 gxh5 16. Nxh5 e5 17. Nd5 Qd8 18. Ndxf6+ Bxf6 19. Bxf6 c3 20. Qg5+ Kh7
21. Ng3#
1-0

[Event "BCCA/SchemingMind Challenge"]
[Site "SchemingMind.com"]
[Date "2008.10.01"]
[Round "-"]
[White "Manfred Kraut"]
[Black "Squibber"]
[Result "0-1"]
[WhiteCountry "GER"]
[BlackCountry "ENG"]
[WhiteElo "1390"]
[WhiteRD "72"]
[BlackElo "1703"]
[BlackRD "200"]
[GameID "172197"]

1. d4 Nf6 2. Nf3 e6 3. e3 d5 4. Bd3 c5 5. c3 Nc6 6. Nbd2 Bd6 7. O-O O-O 8. Qe2 e5 9. dxc5 Bxc5 10. e4 Be6
11. exd5 Bxd5 12. Ne4 Nxe4 13. Bxe4 f5 14. Bxd5+ Qxd5 15. Rd1 Qe4 16. Qb5 Rad8 17. Bg5 Rxd1+ 18. Rxd1 Qc2 19. Rf1 Bb6 20. Nxe5 Nxe5
21. Qxe5 Qxb2 22. Be7 Re8 23. Qe6+ Kh8 24. Ba3 Qxf2+ 25. Rxf2 Rxe6 26. g3 Re2
0-1

[Event "BCCA/SchemingMind Challenge"]
[Site "SchemingMind.com"]
[Date "2008.10.14"]
[Round "-"]
[White "alant"]
[Black "nino"]
[Result "1-0"]
[WhiteCountry "ENG"]
[BlackCountry "WLS"]
[WhiteElo "1313"]
[WhiteRD "232"]
[BlackElo "1280"]
[BlackRD "73"]
[GameID "172181"]

1. c4 e5 2. Nc3 Nf6 3. g3 d5 4. Bg2 d4 5. Ne4 Nxe4 6. Bxe4 f5 7. Bg2 Qf6 8. d3 Bb4+ 9. Bd2 Bxd2+ 10. Qxd2 Nc6
11. Nh3 O-O 12. O-O Bd7 13. f4 exf4 14. Nxf4 Qg5 15. Qc2 Ne5 16. Bxb7 Rae8 17. Bd5+ Kh8 18. Rae1 Ng4 19. Ng2 Ne3 20. Nxe3 Qxe3+
21. Kh1 f4 22. Rf3 Qe5 23. Ref1 g5 24. gxf4 gxf4 25. Qd2 Qxe2 26. Qxe2 Rxe2 27. Rxf4 Rxf4 28. Rxf4 Bh3 29. Kg1 Re1+ 30. Kf2 Rd1
31. Rf8+ Kg7 32. Rf7+ Kg6 33. Rxc7 Rxd3 34. Be4+ Bf5 35. Bxd3 Bxd3 36. c5 Be4 37. Rxa7 d3 38. Ke3 Bf5 39. c6 h5 40. c7 Kg5
41. Ra8 Kg4 42. c8=Q Bxc8 43. Rxc8 Kh3 44. b4 h4 45. Rh8 Kg2 46. Rxh4 Kf1 47. Rd4 d2 48. Rxd2 Ke1 49. b5 Kf1 50. b6 Kg1
51. b7 Kh1 52. b8=R Kg1 53. Rb1#
1-0

[Event "BCCA/SchemingMind Challenge"]
[Site "SchemingMind.com"]
[Date "2008.10.14"]
[Round "-"]
[White "nino"]
[Black "alant"]
[Result "1-0"]
[WhiteCountry "WLS"]
[BlackCountry "ENG"]
[WhiteElo "1245"]
[WhiteRD "77"]
[BlackElo "1113"]
[BlackRD "288"]
[GameID "172198"]

1. Nc3 d5 2. e4 d4 3. Nce2 e5 4. Ng3 Be6 5. Nf3 Nc6 6. Bb5 Bd6 7. Nh5 Kf8 8. c3 dxc3 9. bxc3 Bg4 10. Ng3 Nge7
11. O-O a6 12. Bxc6 Nxc6 13. d4 exd4 14. cxd4 f6 15. Qb3 b5 16. e5 fxe5 17. dxe5 Nxe5 18. Nxe5 Bxe5 19. Ba3+ Bd6 20. Rae1 Qd7
21. Bxd6+ cxd6 22. Ne4 Ke7 23. Nc5+
1-0

[Event "BCCA/SchemingMind Challenge"]
[Site "SchemingMind.com"]
[Date "2008.10.07"]
[Round "-"]
[White "goodchild"]
[Black "Games Freak"]
[Result "1-0"]
[WhiteCountry "ENG"]
[BlackCountry "AUS"]
[WhiteElo "1585"]
[WhiteRD "270"]
[BlackElo "1102"]
[BlackRD "100"]
[GameID "173294"]

1. d4 d5 2. Nc3 Nf6 3. Bg5 h6 4. Bxf6 exf6 5. Nf3 Nc6 6. e3 Bg4 7. a3 Qd7 8. Be2 Bd6 9. Nxd5 O-O-O 10. b4 Qe6
11. c4 b6 12. O-O a5 13. b5 Ne7 14. Nxe7+ Qxe7 15. Qb3 f5 16. Rfe1 Qe4 17. Rac1 g6 18. c5 bxc5 19. dxc5 Be5 20. Qxf7 a4
21. Qe6+ Rd7 22. Qxe5 Qxe5 23. Nxe5 Rd5 24. Nxg4 h5 25. Bc4 Rxc5 26. Be6+ Kb7 27. Rxc5 hxg4 28. Rec1 Rh7 29. Rd5 Re7 30. Bd7 Rxd7
31. Rxd7 Kb6 32. Rcxc7 Kxb5 33. Rd1 Kb6 34. Rc4 Kb5 35. Rc8
1-0

[Event "BCCA/SchemingMind Challenge"]
[Site "SchemingMind.com"]
[Date "2008.10.07"]
[Round "-"]
[White "Games Freak"]
[Black "goodchild"]
[Result "0-1"]
[WhiteCountry "AUS"]
[BlackCountry "ENG"]
[WhiteElo "1102"]
[WhiteRD "100"]
[BlackElo "1585"]
[BlackRD "270"]
[GameID "173295"]

1. e4 c5 2. Nf3 d6 3. d4 cxd4 4. Nxd4 Nf6 5. Nc3 a6 6. Bc4 Bd7 7. O-O Nc6 8. Nxc6 Bxc6 9. Qe2 e6 10. Rd1 Qc7
11. Nd5 Bxd5 12. exd5 e5 13. Be3 Be7 14. a4 O-O 15. c3 Rfc8 16. b3 b5 17. axb5 axb5 18. Bxb5 Qxc3 19. Ba6 Rcb8 20. Rd3 Qxa1+
21. Rd1 Rxa6 22. Rxa1 Rxa1+ 23. Qf1 Rxf1+ 24. Kxf1 Nxd5 25. Bd2 Rxb3 26. h3 Nc3 27. Bxc3 Rxc3 28. f3 d5 29. Kf2 e4 30. fxe4 dxe4
31. Ke2 f5 32. g4 f4 33. Kd2 Rxh3
0-1